Účtovníctvo bánk zbierka príkladov

Bibliographic Details
Main Author: Andrejovská, Alena, 1973- (Author)
Other Authors: Bánociová, Anna, 1951-
Format: Book
Language:Slovak
PhysicalDescription:139 s. tab. 29 cm
Published: Košice Elfa 2011
ISBN:9788080861825 (brož.)
Edition:1. vyd.
Subjects:

MARC

LEADER 00000nam a2200000 a 4500
001 vtls010558945
003 SK-MaSNL
005 20260301214838.0
008 210701s2011 xo a e n 000 0 slo
015 |a SNBA2013/11 
020 |a 9788080861825 (brož.)  |z 9788080861827  |z 9878080861825 
035 |a urn:nbn:sk:snk-am00fe95 
035 |a urn:nbn:sk:snk-am3iqon 
035 |a 8FC2E7A6-BD15-4A41-8D32-3842688E3F52 
040 |a SNK  |b slo  |c SNK  |e AACR2 
041 0 |a slo 
044 |a xo  |c SK 
072 7 |a 657  |x Účtovníctvo  |2 konspekt 
080 |a 657  |2 29001 
080 |a 336.71  |2 2001 
080 |a (076.1/.3)  |2 2001 
080 |a (075.8)  |2 2001 
100 1 |a Andrejovská, Alena,  |d 1973-  |4 aut  |9 263293 
245 1 0 |a Účtovníctvo bánk  |b zbierka príkladov  |c Andrejovská, A., Bánociová, A. 
250 |a 1. vyd. 
260 |a Košice  |b Elfa  |c 2011 
300 |a 139 s.  |b tab.  |c 29 cm 
366 |e 300 výt. 
500 |a Nad názvom Technická univerzita v Košiciach, Ekonomická fakulta 
504 |a Bibliogr.: s. 138-139 
650 0 7 |a účtovníctvo  |2 SNKPH  |9 649 
650 0 7 |a banky  |2 SNKPH  |9 2103 
650 0 7 |a Accounting  |2 SNKPHeng  |9 266872 
650 0 7 |a Banks  |2 SNKPHeng  |9 266087 
655 7 |a zbierky úloh  |2 SNKPH  |9 70562 
655 7 |a učebnice vysokých škôl  |2 SNKPH  |9 70191 
655 7 |a Examinations, questions etc.  |2 SNKPHeng  |9 286217 
655 7 |a Textbooks (higher)  |2 SNKPHeng  |9 276436 
700 1 |a Bánociová, Anna,  |d 1951-  |9 193750 
710 2 |a Technická univerzita v Košiciach.  |b Ekonomická fakulta  |4 pbl  |9 125914 
919 |a 978-80-8086-182-5 
958 |a OND 
958 |a NB 
999 |c 926089  |d 928019 
952 |a SNK  |b SNK  |y PREZ  |7 0  |p 17A1092423  |o snkSB 85826  |i snk2013/27975  |8 0  |0 0  |1 0  |4 0  |d 2013-11-18  |l 0  |r 2025-05-06 00:00:00  |w 2026-02-24 
952 |a SNK  |b SNK  |y VYP  |7 0  |p 17A1092422  |o snkSB 85826 D1  |i snk2013/27976  |8 0  |0 0  |1 0  |4 0  |d 2013-11-18  |f 1  |l 0  |r 2016-06-30 00:00:00  |w 2026-02-24